Music Quiz

Random Music or Lyrics Quiz

Complete The All Time Low Lyrics Quiz Stats

 Plays Quiz not verified by Sporcle

Score 0/15 Timer 04:00
0 Plays Today
Hint Answer % Correct
Wendy, run away with...me
91.4%
I'm thinking something's gotta...give
87.6%
Manage me, I'm amess
85%
Dirty laundry is piling in her...room
82.3%
I wanna watch the way you take the stage by...storm
81.5%
She's so lost in...stereo
81.3%
I can't escape this feeling that something ain't...right
80.3%
My song has not been...sung
76.2%
Hint Answer % Correct
I point my finger but I just can't place...it
70.6%
Should I write myself out of the history...books
69.5%
We'll hit south broadway in a matter of...minutes
69.1%
I don't care if people...stare
58%
Feel my bones...ignite
57.6%
We knew that we were destined to...explode
53.5%
I don't mean to be a...bother
48.2%

You're not logged in!

Compare scores with friends on all Sporcle quizzes.
OR
Log In

Sporcle TV

Today on Sporcle TV


Watch our educational content, quiz creation guides, and fun videos on Sporcle TV.

Show Comments

Extras

Created Sep 12, 2017ReportNominate
Tags:Lyrics Quiz, All Time Low

Top Quizzes Today


Score Distribution

Your Account Isn't Verified!

In order to create a playlist on Sporcle, you need to verify the email address you used during registration. Go to your Sporcle Settings to finish the process.

Report this User

Report this user for behavior that violates our Community Guidelines.

Details: